UKIT quarterly bulletin 2008 (Record no. 108148)
[ view plain ]
| 000 -LEADER | |
|---|---|
| fixed length control field | 01412cad a22002535a 4500 |
| 001 - CONTROL NUMBER | |
| control field | L143406 |
| 008 - FIXED-LENGTH DATA ELEMENTS--GENERAL INFORMATION | |
| fixed length control field | 080506s2008 xxk f 000 0 eng d |
| 035 ## - SYSTEM CONTROL NUMBER | |
| System control number | (Sirsi) u143406 |
| 041 0# - LANGUAGE CODE | |
| Language code of text/sound track or separate title | eng |
| 050 04 - LIBRARY OF CONGRESS CALL NUMBER | |
| Classification number | 332.6324 $2 18 |
| 110 2# - MAIN ENTRY--CORPORATE NAME | |
| Corporate name or jurisdiction name as entry element | Lambert Smith Hampton |
| 9 (RLIN) | 2865 |
| 240 ## - UNIFORM TITLE | |
| Uniform title | UK investment transactions bulletin |
| 245 00 - TITLE STATEMENT | |
| Title | UKIT quarterly bulletin 2008 |
| Remainder of title | first quarter 2008 |
| Medium | [electronic resource] |
| 260 ## - PUBLICATION, DISTRIBUTION, ETC. | |
| Place of publication, distribution, etc. | London |
| Name of publisher, distributor, etc. | LSH |
| Date of publication, distribution, etc. | 2008 |
| 490 #0 - SERIES STATEMENT | |
| Series statement | Lambert Smith Hampton UKIT Quarterly Bulletin |
| Volume/sequential designation | First Quarter 2008 |
| 520 ## - SUMMARY, ETC. | |
| Summary, etc. | Reports that turnover was stronger than expected for the first quarter of 2008, with £7.3bn of transactions recorded, slightly down on the fourth quarter 2007 total of £7.6bn. The office sector was the main focus of investor activity, whilst retail activity only accounted for 22% of turnover. The impact of the credit crunch was evident as the average yield on deals increased by a further 83 basis points, taking the average yield on transactions to 6.15%, over 120 basis points higher than during the first quarter of 2007. |
| 521 2# - TARGET AUDIENCE NOTE | |
| Target audience note | Advanced |
| 590 ## - LOCAL NOTE (RLIN) | |
| Local note | KA |
| 650 24 - SUBJECT ADDED ENTRY--TOPICAL TERM | |
| Topical term or geographic name entry element | LAMBERT SMITH HAMPTON UKIT QUARTERLY BULLETIN |
| 651 #4 - SUBJECT ADDED ENTRY--GEOGRAPHIC NAME | |
| Geographic name | United Kingdom |
| Chronological subdivision | |
| 690 ## - LOCAL SUBJECT ADDED ENTRY--TOPICAL TERM (OCLC, RLIN) | |
| Topical term or geographic name as entry element | PROPERTY-COMMERCIAL PROPERTY-COMMERCIAL PROPERTY FINANCE AND INVESTMENT |
| 856 40 - ELECTRONIC LOCATION AND ACCESS | |
| Uniform Resource Identifier | <a href="https://www.lsh.co.uk">https://www.lsh.co.uk</a> |
| Public note | View the item free of charge after registration at www.lsh.co.uk... |
| 942 ## - ADDED ENTRY ELEMENTS (KOHA) | |
| Suppress in OPAC | 0 |
| Withdrawn status | Lost status | Source of classification or shelving scheme | Damaged status | Not for loan | Home library | Current library | Shelving location | Date acquired | Total Checkouts | Full call number | Barcode | Date last seen | Copy number | Price effective from | Koha item type |
|---|---|---|---|---|---|---|---|---|---|---|---|---|---|---|---|
| Dewey Decimal Classification | Virtual | Virtual | Online | 06/05/2008 | ONLINE PUBLICATION | 143406-2001 | 06/08/2019 | 1 | 06/08/2019 | Book |